000 01171nam a2200253 i 4500
001 13308
003 ES-MaACL
005 20230906150538.0
007 t|
008 980128s1997 sp a ||||1| spa d
020 _a8460566269
080 _a946.0"1936/39"
080 _a929(460)"19":355
100 1 _aRomero Rodríguez, Feliciano.
_999433
245 1 0 _aMilitares profesionales de la república
_b: (en defensa de una lealtad histórica) /
_cFeliciano Romero Rodríguez.
260 _aMadrid :
_b[El autor],
_c1997.
300 _a339, [18] p. :
_bil. ;
_c21 cm.
505 8 _aContiene: ;
_tLista de militares profesionales fieles a la II República durante la Guerra Civil ;
_tLista de militares profesionales, fieles a la II República, muertos o fusilados durante la Guerra Civil
594 _aEn cub.: Feliciano Romero Rodríguez. Jefe de Estado Mayor del XVII Cuerpo del Ejército de la República (1936-1939)
650 1 4 _aFuerzas armadas-
_zEspaña-
_y1931-1939.
_912999
650 0 4 _aMilitares-
_zEspaña-
_yS.XX.
_915046
651 4 _aEspaña-
_xHistoria-
_y1936-1939, Guerra civil.
_98292
852 _aES-MaACL
_jL-20591
_z- Dedicatoria autógrafa del autor
999 _c13308
_d13308